000 01798cam a22004934i 4500
003 PE-LiUPU
005 20250731165617.0
008 150616s r 000 0 d
020 _a8471021072
035 _a(Sirsi) i9788471021076
040 _aPE-LiUPU
_bspa
_cPE-LiUPU
_erda
049 _aPRUA
082 0 4 _a036
_bM26
_221
100 1 _aMarín Correa, Manuel,
_eautor.
245 1 3 _aEl mundo de la cultura; enciclopedia formativa Marín.
_n11.
264 1 _aBarcelona :
_bEditorial Marín,
_c1980.
300 _a191 páginas :
_bilustraciones ;
_c27 centímetros
336 _atext
_2rdacontent
337 _aunmediated
_2rdamedia
338 _avolume
_2rdacarrier
505 0 _aEl hombre y el trabajo -- Producción y consumo -- La economía a través de los tiempos -- Alimentación y vestido -- Bosques y árboles -- Los minerales y la metalurgia -- La industria química -- El hombre construye -- Las fuentes de energía -- Problemas económicos del mundo actual.
526 _aSEG44
526 _aSEG26
526 _aP151
526 _aP150
526 _aP149
526 _aP146
526 _aP145
526 _aP126
526 _aP125
526 _aP92
526 _aP75
526 _aP74
526 _aP27
526 _aP15
650 0 4 _aENCICLOPEDIAS Y DICCIONARIOS.
910 _ajck
_bjvq
_cjck
942 _2ddc
_cBOOK
949 _aRC 036 M26 11
_wDEWEY
_c1
_i20275
_lCCODEBUL1
_mBUL
_r0
_sY
_tBOOK
_u2015-6-16
_xEDUCACION
_zUNKNOWN
_0COMPRA
_o.STAFF. Colección General
994 _aC0
_bPEPRU
596 _a1
999 _aRC 036 M26 11
_wDEWEY
_c56516
_i20275
_f2021-11-8
_g5
_lRCG
_mBUL
_r1
_sY
_tBOOK
_u2015-6-16
_xBIBLIOTECA
_zUNKNOWN
_0COMPRA
_o.STAFF. Colección General
_d56516
980 _81
_gALBERTO SANCHEZ Responsable de Automatización